1951 1903 1605 1264 1528 1871 1108 1569 1043 1874 1925 1285 1229 1621 1049 1032 1940 1255 1036 1085 1319 1767 1505 1419 1928 1549 1742 1576 1771 1605 1609 1821 1573 1093 1595 1173 1133 1341 1276 1187 1053 1054 1571 1767 1828 1162 1009 1986 1058 1191 1256 1568 1304 1027 1670 1784 1952 1518 1469 1864 1657 1733 1008 1247 1796 1721 1804 1441 1197 1689 1684 1589 1310 1157 1391 1075 1046 1714 1526 1121 1400 1373 1129 1311 1284 1193 1472 1603 1889 1561 1781 1328 1445 1881 1003 1292 1844 1607 1480 BCNSPRNW ULIB Ver.6.0+V

เปลี่ยนเป็นภาษาไทย

Change to English
 แสดงรายละเอียดบรรณานุกรม
  กลับหน้าหลัก

Brief Record : Get Marc (ISO 2709) : E-mail record : QR code < ปิดหน้าต่าง
LEADER : 00000nam 2200000uu 4500
001    13399121499
003     ULIB
008    121121s2554||||th 000 0 tha d
020    ^a9786161109240
099    ^aวจ.W225^bร451
245 00 ^aรายงานฉบับสมบูรณ์โครงการศึกษาเพื่อพัฒนาชุดสิทธิประโยชน์ภายใต้ระบบหลักประกันสุขภาพถ้วนหน้า.^nฉบับที่ 2 =^bResearch for development of health benefit package under universal health care coverage scheme: issue 2 /^cจัดทำโดย สำนักงานพัฒนานโยบายสุขภาพระหว่างประเทศ และ โครงการประเมินเทคโนโลยีและนโยบายด้านสุขภาพ ; คณะผู้ดำเนินโครงการฯ : วิโรจน์ ตั้งเจริญเสถียร ... [และคนอื่นๆ]
246 30 ^aโครงการศึกษาเพื่อพัฒนาชุดสิทธิประโยชน์ภายใต้ระบบหลักประกัน สุขภาพถ้วนหน้า.^nฉบับที่ 2
246 31 ^aResearch for development of health benefit package under universal health care coverage scheme: issue 2
250    ^aพิมพ์ครั้งที่ 1
260    ^aนนทบุรี :^bสำนักงาน,^c2554
300    ^ax, 213 หน้า :^bภาพประกอบ ;^c24 ซม.
500    ^aSend to Single Search
500    ^aภาคผนวก: 1-8 [หน้า 23-213.]
505 0  ^aภาคผนวก 1แนวทางสำหรับการเสนอและคัดเลือกหัวข้อปัญหาและ/หรือเทคโนโลยีด้านสุขภาพเข้าสู่การประเมิน -- ภาคผนวก 2 คำสั่งคณะอนุกรรมการพัฒนาสิทธิประโยชน์และระบบบริการ ที่ 2/2553 -- ภาคผนวก 3 คำสั่งคณะอนุกรรมการพัฒนาสิทธิประโยชน์และระบบบริการ ที่ 3/ 2553 -- สรุปรายงานการประชุม การประชุมคณะทำงานคัดเลือกหัวข้อปัญหาและ/หรือเทคโนโลยีด้านสุขภาพเข้าสู่การประเมินเพื่อพัฒนาชุดสิทธิประโยชน์ภายใต้ระบบหลักประกันสุขภาพถ้วนหน้า ครั้งที่ 2/2553 -- ภาคผนวก 5 รายงานการประชุมคณะอนุกรรมการพัฒนาสิทธิประโยชน์และระบบบริการ ที่ 8/2553 -- ภาคผนวก 6 รายงานฉบับย่อ หัวข้อที่ 1การประเมินความคุ้มค่าของผ้าอ้อมผู้ใหญ่สำเร็จรูปสำหรับผู้ที่กลั้นปัสสาวะอุจจาระไม่อยู่และผู้ที่มีปัญหาการเคลื่อนไหว -- ภาคผนวก 7 รายงานการประชุมคณะอนุกรรมการพัฒนาสิทธิประโยชน์และระบบบริการ ที่ 5/2554 -- ภาคผนวก 8 รายงานการประชุมคณะอนุกรรมการพัฒนาสิทธิประโยชน์และระบบบริการ ที่ 5/2554
536    ^aได้รับทุนสนับสนุนจาก สำนักงานหลักประกันสุขภาพแห่งชาติ (สปสช.)
650  4 ^aประกันสุขภาพ^zไทย^vวิจัย
650  4 ^aหลักประกันสุขภาพแห่งชาติ^zไทย^vวิจัย
650  4 ^aบริการทางการแพทย์^xการวิเคราะห์ต้นทุน^vวิจัย
650  4 ^aวิจัย
653    ^aการเข้าถึงบริการสุขภาพ
700 0  ^aวิโรจน์ ตั้งเจริญเสถียร
710 2  ^aสำนักงานพัฒนานโยบายสุขภาพระหว่างประเทศ
710 2  ^aโครงการประเมินเทคโนโลยีและนโยบายด้านสุขภาพ
710 2  ^aมหาวิทยาลัยมหิดล. ^bคณะเภสัชศาสตร์
710 2  ^aสำนักงานหลักประกันสุขภาพแห่งชาติ
945    ^p0^l0^i033125
945    ^p0^l0^i033126
999    ^aใช้งานได้ทุกระบบ
รายการนี้ยังไม่มีแท็ก
คุณยังไม่ได้ล็อกอิน คุณสามารถมีกิจกรรมร่วมกับเว็บไซต์ได้ แต่ต้องล็อกอินก่อน ::
  ล็อกอิน

รายการสื่อสารสนเทศ

ลำดับที่ ประเภท เลขเรียก/บาร์โค้ด สถานที่ สถานะ
1. งานวิจัย
งานวิจัย
วจ.W225 ร451 ฉ.1 
  Barcode: 033125
ห้องสมุดวิทยาเขตสวรรค์ประชารักษ์
►วิจัย
บนชั้น
2. งานวิจัย
งานวิจัย
วจ.W225 ร451 ฉ.2 
  Barcode: 033126
ห้องสมุดวิทยาเขตสวรรค์ประชารักษ์
►วิจัย
บนชั้น

รายการใกล้เคียง
    หัวเรื่อง [วิจัย]

BibComment


ยังไม่เคยถูกคอมเมนท์

คอมเมนท์ทรัพยากรรายการนี้
  คอมเมนท์: รายงานฉบับสมบูรณ..


 Copyright 2026. Bcnsprnw @Library